Operations research: applications and algorithms.-- 4th ed. (Record no. 81600)

MARC details
000 -LEADER
fixed length control field 01954nam a2200301 a 4500
008 - FIXED-LENGTH DATA ELEMENTS--GENERAL INFORMATION
fixed length control field 120416s2004 ||||||||||||||||| || u
020 ## - INTERNATIONAL STANDARD BOOK NUMBER
International Standard Book Number 0534423620
050 ## - LIBRARY OF CONGRESS CALL NUMBER
Classification number T 57.6 Win
100 ## - MAIN ENTRY--PERSONAL NAME
Personal name Goldberg, Jeffrey B
245 10 - TITLE STATEMENT
Title Operations research: applications and algorithms.-- 4th ed.
Statement of responsibility, etc Wayne L. Winston
250 ## - EDITION STATEMENT
Edition statement 4th ed.
260 ## - PUBLICATION, DISTRIBUTION, ETC. (IMPRINT)
Place of publication, distribution, etc Belmont, CA.
Name of publisher, distributor, etc Brooks/Cole Cengage Learning
Date of publication, distribution, etc 2004
260 ## - PUBLICATION, DISTRIBUTION, ETC. (IMPRINT)
Place of publication, distribution, etc Belmont, CA.
Name of publisher, distributor, etc Thomson/Brooks/Cole
Date of publication, distribution, etc 2004
300 ## - PHYSICAL DESCRIPTION
Extent xvi, 1418 p. : ill. + CD-ROM
350 ## -
-- 0.00
500 ## - GENERAL NOTE
General note Accompanied by a CD-ROM (see Cybrary staff)
650 ## - SUBJECT ADDED ENTRY--TOPICAL TERM
Topical term or geographic name as entry element OPERATIONS RESEARCH--STUDY AND TEACHING
650 ## - SUBJECT ADDED ENTRY--TOPICAL TERM
Topical term or geographic name as entry element RESEARCH COLLABORATION
700 ## - ADDED ENTRY--PERSONAL NAME
Personal name Winston, Wayne L
995 ## - RECOMMENDATION 995 [LOCAL, UNIMARC FRANCE]
-- 0.00
-- CBU-MAIN LIBRARY (Kitwe)
-- 1
-- 0.00
-- 6
-- AVAILABLE
-- Aug 19, 2010
-- Main Library Open Access Collection
995 ## - RECOMMENDATION 995 [LOCAL, UNIMARC FRANCE]
-- 0.00
-- CBU-MAIN LIBRARY (Kitwe)
-- 1
-- 30.00
-- 1
-- AVAILABLE
-- Short Loan Collection
995 ## - RECOMMENDATION 995 [LOCAL, UNIMARC FRANCE]
-- 0.00
-- CBU-MAIN LIBRARY (Kitwe)
-- 3
-- 30.00
-- 3
-- AVAILABLE
-- Short Loan Collection
995 ## - RECOMMENDATION 995 [LOCAL, UNIMARC FRANCE]
-- 0.00
-- CBU-MAIN LIBRARY (Kitwe)
-- 1
-- 0.00
-- 5
-- AVAILABLE
-- Apr 25, 2006
-- Main Library Open Access Collection
995 ## - RECOMMENDATION 995 [LOCAL, UNIMARC FRANCE]
-- CBU-MAIN LIBRARY (Kitwe)
-- 0.00
-- 8
-- AVAILABLE
-- Apr 25, 2013
-- Main Library Open Access Collection
995 ## - RECOMMENDATION 995 [LOCAL, UNIMARC FRANCE]
-- CBU-MAIN LIBRARY (Kitwe)
-- 0.00
-- 7
-- AVAILABLE
-- Apr 25, 2013
-- Main Library Open Access Collection
995 ## - RECOMMENDATION 995 [LOCAL, UNIMARC FRANCE]
-- CBU-MAIN LIBRARY (Kitwe)
-- 0.00
-- 6
-- AVAILABLE
-- Apr 25, 2013
-- Main Library Open Access Collection
995 ## - RECOMMENDATION 995 [LOCAL, UNIMARC FRANCE]
-- 0.00
-- CBU-MAIN LIBRARY (Kitwe)
-- 2
-- 30.00
-- 2
-- AVAILABLE
-- Short Loan Collection
Holdings
Withdrawn status Lost status Source of classification or shelving scheme Damaged status Not for loan Permanent Location Current Location Shelving location Date acquired Total Checkouts Full call number Barcode Date last seen Copy number Price effective from Koha item type
          CBU-MAIN LIBRARY, KITWE. CBU-MAIN LIBRARY, KITWE.   09/05/2023   T 57.6 Win 741476 09/04/2024 1 09/05/2023 MONOGRAPH
          CBU-MAIN LIBRARY, KITWE. CBU-MAIN LIBRARY, KITWE.   09/05/2023   T 57.6 Win 40252 09/05/2023 2 09/05/2023 SHORT LOAN COLLECTION
          CBU-MAIN LIBRARY, KITWE. CBU-MAIN LIBRARY, KITWE.   09/05/2023   T 57.6 Win 40250 09/05/2023 3 09/05/2023 SHORT LOAN COLLECTION
          CBU-MAIN LIBRARY, KITWE. CBU-MAIN LIBRARY, KITWE.   09/05/2023   T 57.6 Win 40251 09/05/2023 4 09/05/2023 MONOGRAPH
          CBU-MAIN LIBRARY, KITWE. CBU-MAIN LIBRARY, KITWE.   09/05/2023   T 57.6 Win 743453 09/05/2023 5 09/05/2023 MONOGRAPH
          CBU-MAIN LIBRARY, KITWE. CBU-MAIN LIBRARY, KITWE.   09/05/2023   T 57.6 Win 743452 09/05/2023 6 09/05/2023 MONOGRAPH
          CBU-MAIN LIBRARY, KITWE. CBU-MAIN LIBRARY, KITWE.   09/05/2023   T 57.6 Win 743451 09/05/2023 7 09/05/2023 MONOGRAPH
          CBU-MAIN LIBRARY, KITWE. CBU-MAIN LIBRARY, KITWE.   09/05/2023   T 57.6 Win 40254 09/05/2023 8 09/05/2023 SHORT LOAN COLLECTION